| 000 | 01164nam a22002897a 4500 | ||
|---|---|---|---|
| 005 | 2010101908158.0 | ||
| 008 | 101019t xxu||||| |||| 00| 0 hin d | ||
| 010 | _aHIN-95100 | ||
| 020 |
_c50.00 _a9788172239527 |
||
| 035 | _aHN-67446 | ||
| 037 | _bDBAD / PUB | ||
| 040 |
_aDPL _bHN |
||
| 082 | _aक | ||
| 100 |
_923632 _aरूपडा़,मनोज |
||
| 245 |
_aसाज़ नासाज / _bमनोज रूपडा़ |
||
| 260 |
_aनोएडा _bहार्परकॉलिंस पब्लिशर्स _c2010 |
||
| 270 |
_bनोएडा (उ.प्र.) _aए-53, सेक्टर-57, _e201301 |
||
| 300 | 1 |
_a134पृ. _c22सेमी (अजिल्द) |
|
| 490 |
_aएक कहानी श्रृंखला-5 _938896 |
||
| 650 |
_9657 _aहिन्दी कथासंग्रह |
||
| 650 | _934273 | ||
| 700 |
_934278 _aमित्रा,सोनल |
||
| 710 | _934811 | ||
| 710 | _935049 | ||
| 942 |
_2ddc _cHN _mरूपडा़ _hक |
||
| 999 |
_c60698 _d60698 |
||